000 00812nam a2200253 i 4500
001 12086
003 ES-MaACL
005 20250817125434.0
007 t|
008 970407s1995 sp a |||| | spa d
020 _a84-7844-221-9
080 _a75 Velázquez, Diego. Meninas
245 0 0 _aOtras meninas /
_cSvetlana Alpers ... [et al.] ; edición a cargo de Fernando Marías.
260 _aMadrid :
_bSiruela,
_c[1995]
300 _a335 p. :
_bil. ;
_c25 cm.
490 1 _aBiblioteca azul ;
_v9
504 _aBibliografía : p. 331-335.
600 1 4 _aVelázquez, Diego,
_d1599-1660.
_tLas Meninas
_9113800
700 1 _aAlpers, Svetlana.
_920461
700 1 _aMarías, Fernando.
_976686
830 0 _aBiblioteca azul ;
_v9
_9179254
852 _aES-MaACL
_jL-19427
999 _c12086
_d12086